000 00739nam a2200253 i 4500
003 DO-SdBNP
005 20240412091804.0
007 ta
008 240412s2022 dr c 000 j spa d
020 _a9789945936162
040 _aDO-SdBNP
_bspa
_cBNPHU
_erda
082 _bC719t
_222
100 _aColón, Diego A.
_eautor
_973841
245 1 3 _aTaller of the magijara /
_cDiego A. Colón, Yonson Carbonell
264 1 _a[Santo Domingo] :
_bAE,
_c2022
300 _a[¨26] páginas, ;
_c26 cm.
336 _2rdacontent
_atexto
_btxt
337 _2rdamedia
_asin mediación
_bn
338 _2rdacarrier
_avolumen
_bnc
590 _aInventariado, 2024/ DG
700 _aCarbonell, Yonson
_eautor
_983777
910 _aDG
942 _2ddc
_cLBS1
999 _c56358
_d56358